[Event "Morbihan-ch 0405"]
[Site "Arradon"]
[Date "2004.10.10"]
[Round "1"]
[White "Mermet, Michel"]
[Black "Guillemet, Olivier"]
[Result "0-1"]
[WhiteElo "1290"]
[BlackElo "1499"]
[PlyCount "68"]
[EventDate "2004.10.10"]
[EventType "swiss"]
[EventRounds "7"]
[EventCountry "FRA"]
[SourceTitle "EXT 2007"]
[Source "ChessBase"]
[SourceDate "2006.11.23"]
[SourceVersion "1"]
[SourceVersionDate "2006.11.23"]
[SourceQuality "1"]

1. d4 e6 2. Nf3 Nf6 3. Bg5 Be7 4. Qd2 d5 5. e3 Qd7 6. Ne5 Qd6 7. c4 c5 8. cxd5 exd5 9. Be2 Nc6 10. Qc3 Ne4 11. Bxe7 Qxe7 12. Nxc6 bxc6 13. Qd3 Qg5 14. Bf3 c4 15. Qc2 Bf5 16. Nc3 Nc5 17. Qd1 Nd3+ 18. Kd2 Rb8 19. b3 a5 20. Rf1 0-0 21. bxc4 Rb2+ 22. Qc2 Rxc2+ 23. Kxc2 Nb4+ 24. Kd2 dxc4 25. Rac1 Rd8 26. Ne4 Rxd4+ 27. Ke2 Rxe4 28. Bxe4 Bxe4 29. Rxc4 Qb5 30. Rfc1 Bd3+ 31. Kd2 Bxc4 32. Rd1 h6 33. Kc1 Nxa2+ 34. Kc2 Bb3+ 0-1